01331nam a2200325Ia 4500001001200000003000800012006001900020007001500039008004100054010001700095020003100112040002100143035002100164050002400185082001200209245012900221260006900350300001800419490006000437504005100497533015200548650004600700650002400746655002900770700002600799700002000825700001700845710001700862856012600879ebr10408499CaPaEBRm u cr cn|||||||||100511s2010 ne sb 011 0 eng d z 2010019555 z9789027255471 (alk. paper) aCaPaEBRcCaPaEBR a(OCoLC)66388616914aP291b.S6947 2010eb04a41522200aStructure preservedh[electronic resource] :bstudies in syntax for Jan Koster /cedited by Jan-Wouter Zwart, Mark de Vries. aAmsterdam ;aPhiladelphia :bJohn Benjamins Pub. Company,c2010. axxiii, 395 p.0 aLinguistik aktuell/linguistics today,x0166-0829 ;v164 aIncludes bibliographical references and index. aElectronic reproduction.bPalo Alto, Calif. :cebrary,d2010.nAvailable via World Wide Web.nAccess may be limited to ebrary affiliated libraries. 0aGrammar, Comparative and generalxSyntax. 0aGenerative grammar. 7aElectronic books.2local1 aZwart, C. Jan-Wouter.1 aVries, Mark de.1 aKoster, Jan.2 aebrary, Inc.40uhttp://site.ebrary.com/lib/rucke/Doc?id=10408499zAn electronic book accessible through the World Wide Web; click to view